[Event "45th FIDE Chess Olympiad Open"]
[Site "Budapest, Hungary"]
[Date "2024.09.20"]
[Round "9"]
[White "Volodin, Aleksandr"]
[Black "Krysa, Leandro"]
[Result "1/2-1/2"]
[Board "82"]
[WhiteFideId "4501950"]
[BlackFideId "116807"]
[WhiteTitle "GM"]
[BlackTitle "GM"]
[WhiteElo "2457"]
[BlackElo "2495"]
[WhiteTeam "Estonia"]
[BlackTeam "Argentina"]
[WhiteClock "0:27:47"]
[BlackClock "0:09:10"]
[Variant "Standard"]

1. d4 {[%clk 1:30:52]}  Nf6 {[%clk 1:30:48]} 2. c4 {[%clk 1:31:15]}  e6 {[%clk 1:30:59]} 3. Nf3 {[%clk 1:31:27]}  d5 {[%clk 1:31:08]} 4. Nc3 {[%clk 1:31:29]}  dxc4 {[%clk 1:31:17]} 5. e3 {[%clk 1:31:49]}  a6 {[%clk 1:31:03]} 6. a4 {[%clk 1:32:14]}  b6 {[%clk 1:30:58]} 7. Bxc4 {[%clk 1:32:07]}  Bb7 {[%clk 1:30:49]} 8. O-O {[%clk 1:32:32]}  c5 {[%clk 1:30:36]} 9. Qe2 {[%clk 1:29:23]}  Be7 {[%clk 1:30:47]} 10. dxc5 {[%clk 1:22:50]}  bxc5 {[%clk 1:30:38]} 11. e4 {[%clk 1:17:47]}  Qc7 {[%clk 1:15:10]} 12. e5 {[%clk 1:05:58]}  Nfd7 {[%clk 1:13:32]} 13. Bf4 {[%clk 0:59:28]}  Nc6 {[%clk 1:07:33]} 14. Rad1 {[%clk 0:59:10]}  O-O {[%clk 1:04:39]} 15. h4 {[%clk 0:48:59]}  Rfd8 {[%clk 1:01:27]} 16. h5 {[%clk 0:46:46]}  h6 {[%clk 1:00:27]} 17. Rfe1 {[%clk 0:44:17]}  Nb4 {[%clk 0:45:32]} 18. Ne4 {[%clk 0:40:12]}  Bxe4 {[%clk 0:41:43]} 19. Qxe4 {[%clk 0:40:30]}  Nb6 {[%clk 0:41:58]} 20. Rxd8+ {[%clk 0:34:27]}  Rxd8 {[%clk 0:39:17]} 21. Bxe6 {[%clk 0:34:19]}  Qc6 {[%clk 0:09:04]} 22. Qxc6 {[%clk 0:29:50]}  Nxc6 {[%clk 0:09:30]} 23. Bf5 {[%clk 0:16:09]}  Nxa4 {[%clk 0:05:47]} 24. b3 {[%clk 0:14:39]}  Nc3 {[%clk 0:05:48]} 25. e6 {[%clk 0:14:10]}  Nd5 {[%clk 0:04:26]} 26. exf7+ {[%clk 0:13:28]}  Kxf7 {[%clk 0:04:53]} 27. Bg3 {[%clk 0:10:50]}  Kf8 {[%clk 0:02:30]} 28. Bd3 {[%clk 0:07:31]}  a5 {[%clk 0:01:47]} 29. Bc4 {[%clk 0:07:02]}  Bf6 {[%clk 0:02:03]} 30. Re6 {[%clk 0:06:33]}  Nde7 {[%clk 0:01:34]} 31. Bf4 {[%clk 0:04:36]}  Nd4 {[%clk 0:00:47]} 32. Nxd4 {[%clk 0:04:11]}  Bxd4 {[%clk 0:00:33]} 33. Bd6 {[%clk 0:01:30]}  Rd7 {[%clk 0:00:36]} 34. g3 {[%clk 0:00:59]}  Rb7 {[%clk 0:00:46]} 35. Kg2 {[%clk 0:00:58]}  Ke8 {[%clk 0:00:50]} 36. f4 {[%clk 0:00:34]}  Kd8 {[%clk 0:01:13]} 37. g4 {[%clk 0:00:38]}  Nc8 {[%clk 0:01:01]} 38. g5 {[%clk 0:00:32]}  Nxd6 {[%clk 0:00:33]} 39. Rxd6+ {[%clk 0:00:59]}  Rd7 {[%clk 0:00:33]} 40. Ra6 {[%clk 0:00:54]}  hxg5 {[%clk 0:00:35]} 41. fxg5 {[%clk 0:01:14]}  Bc3 {[%clk 0:14:10]} 42. Kf3 {[%clk 0:30:57]}  Kc7 {[%clk 0:12:52]} 43. Ke4 {[%clk 0:30:22]}  Rd6 {[%clk 0:12:48]} 44. Ra7+ {[%clk 0:29:18]}  Kb8 {[%clk 0:10:00]} 45. Ra6 {[%clk 0:27:23]}  Rxa6 {[%clk 0:09:00]} 46. Bxa6 {[%clk 0:27:47]}  Kc7 {[%clk 0:09:10]} 1/2-1/2

[Event "45th FIDE Chess Olympiad Open"]
[Site "Budapest, Hungary"]
[Date "2024.09.20"]
[Round "9"]
[White "Flores, Diego"]
[Black "Seeman, Tarvo"]
[Result "1-0"]
[Board "83"]
[WhiteFideId "108049"]
[BlackFideId "4500547"]
[WhiteTitle "GM"]
[BlackTitle "IM"]
[WhiteElo "2546"]
[BlackElo "2375"]
[WhiteTeam "Argentina"]
[BlackTeam "Estonia"]
[WhiteClock "0:00:43"]
[BlackClock "0:01:23"]
[Variant "Standard"]

1. Nf3 {[%clk 1:30:47]}  Nf6 {[%clk 1:29:51]} 2. g3 {[%clk 1:30:44]}  g6 {[%clk 1:29:38]} 3. b4 {[%clk 1:28:23]}  Bg7 {[%clk 1:25:07]} 4. Bb2 {[%clk 1:28:42]}  b6 {[%clk 1:18:16]} 5. Bg2 {[%clk 1:23:47]}  Bb7 {[%clk 1:18:41]} 6. O-O {[%clk 1:22:26]}  c5 {[%clk 1:18:50]} 7. bxc5 {[%clk 1:03:21]}  bxc5 {[%clk 1:19:14]} 8. Nc3 {[%clk 1:03:40]}  d6 {[%clk 1:12:34]} 9. Rb1 {[%clk 1:03:25]}  Nbd7 {[%clk 1:12:37]} 10. e4 {[%clk 1:02:23]}  O-O {[%clk 1:08:31]} 11. Re1 {[%clk 0:58:34]}  Rb8 {[%clk 1:07:00]} 12. d3 {[%clk 0:55:24]}  Ba8 {[%clk 1:00:09]} 13. Ba1 {[%clk 0:51:02]}  Rxb1 {[%clk 0:47:57]} 14. Qxb1 {[%clk 0:47:47]}  Qc7 {[%clk 0:47:26]} 15. Nb5 {[%clk 0:43:01]}  Qb6 {[%clk 0:44:53]} 16. c4 {[%clk 0:36:58]}  Rb8 {[%clk 0:42:24]} 17. Qc2 {[%clk 0:36:26]}  a6 {[%clk 0:42:43]} 18. Nc3 {[%clk 0:36:41]}  e6 {[%clk 0:33:48]} 19. Rb1 {[%clk 0:31:59]}  Qc7 {[%clk 0:33:44]} 20. Ne2 {[%clk 0:23:32]}  Rxb1+ {[%clk 0:28:42]} 21. Qxb1 {[%clk 0:23:55]}  Ng4 {[%clk 0:28:52]} 22. Bxg7 {[%clk 0:22:58]}  Kxg7 {[%clk 0:26:30]} 23. Nd2 {[%clk 0:15:52]}  Nge5 {[%clk 0:25:41]} 24. f4 {[%clk 0:14:29]}  Nc6 {[%clk 0:25:53]} 25. Qb2+ {[%clk 0:13:53]}  e5 {[%clk 0:22:12]} 26. Bh3 {[%clk 0:13:10]}  Qb6 {[%clk 0:20:51]} 27. Qxb6 {[%clk 0:07:07]}  Nxb6 {[%clk 0:21:19]} 28. Nb3 {[%clk 0:06:23]}  Kf6 {[%clk 0:16:14]} 29. a3 {[%clk 0:05:55]}  Ke7 {[%clk 0:14:26]} 30. Kf2 {[%clk 0:05:48]}  f6 {[%clk 0:13:35]} 31. Ke3 {[%clk 0:05:16]}  Kd8 {[%clk 0:06:52]} 32. Be6 {[%clk 0:04:58]}  Nd4 {[%clk 0:06:58]} 33. Nexd4 {[%clk 0:04:43]}  exd4+ {[%clk 0:06:18]} 34. Kd2 {[%clk 0:04:31]}  Bc6 {[%clk 0:06:20]} 35. h4 {[%clk 0:03:37]}  Ke7 {[%clk 0:04:07]} 36. Bh3 {[%clk 0:01:38]}  Bd7 {[%clk 0:03:41]} 37. Bxd7 {[%clk 0:01:19]}  Kxd7 {[%clk 0:03:52]} 38. g4 {[%clk 0:00:57]}  h6 {[%clk 0:03:39]} 39. Nc1 {[%clk 0:00:50]}  Nc8 {[%clk 0:01:23]} 40. Ne2 {[%clk 0:00:43]} 1-0

[Event "45th FIDE Chess Olympiad Open"]
[Site "Budapest, Hungary"]
[Date "2024.09.20"]
[Round "9"]
[White "Timoshin, Andrei"]
[Black "Sosa, Tomas"]
[Result "0-1"]
[Board "84"]
[WhiteFideId "4503503"]
[BlackFideId "121576"]
[BlackTitle "GM"]
[WhiteElo "2230"]
[BlackElo "2515"]
[WhiteTeam "Estonia"]
[BlackTeam "Argentina"]
[WhiteClock "0:08:56"]
[BlackClock "0:12:21"]
[Variant "Standard"]

1. e4 {[%clk 1:30:57]}  e6 {[%clk 1:30:50]} 2. d4 {[%clk 1:31:21]}  d5 {[%clk 1:31:15]} 3. Nd2 {[%clk 1:31:46]}  h6 {[%clk 1:31:19]} 4. c3 {[%clk 1:30:58]}  c5 {[%clk 1:31:30]} 5. exd5 {[%clk 1:31:11]}  Qxd5 {[%clk 1:31:15]} 6. Ngf3 {[%clk 1:31:15]}  cxd4 {[%clk 1:27:08]} 7. Bc4 {[%clk 1:31:30]}  Qh5 {[%clk 1:24:53]} 8. Nxd4 {[%clk 1:18:54]}  Qxd1+ {[%clk 1:22:01]} 9. Kxd1 {[%clk 1:19:22]}  Nf6 {[%clk 1:09:34]} 10. Nb5 {[%clk 1:14:15]}  Na6 {[%clk 1:06:54]} 11. Nb3 {[%clk 1:13:16]}  Be7 {[%clk 0:53:09]} 12. Be3 {[%clk 1:05:19]}  b6 {[%clk 0:52:48]} 13. f3 {[%clk 0:56:53]}  Bb7 {[%clk 0:50:09]} 14. Ke2 {[%clk 0:49:26]}  O-O {[%clk 0:41:57]} 15. g3 {[%clk 0:36:50]}  Rfc8 {[%clk 0:36:11]} 16. Bd3 {[%clk 0:36:22]}  Nd5 {[%clk 0:36:32]} 17. Bd4 {[%clk 0:36:22]}  Nb8 {[%clk 0:34:58]} 18. a4 {[%clk 0:26:02]}  Nc6 {[%clk 0:33:27]} 19. Rhd1 {[%clk 0:23:00]}  a6 {[%clk 0:30:47]} 20. Na3 {[%clk 0:23:03]}  Nxd4+ {[%clk 0:31:10]} 21. Nxd4 {[%clk 0:19:19]}  Rxc3 {[%clk 0:25:55]} 22. Nc4 {[%clk 0:17:56]}  Bc5 {[%clk 0:23:16]} 23. bxc3 {[%clk 0:07:42]}  Nxc3+ {[%clk 0:23:39]} 24. Ke3 {[%clk 0:08:08]}  Nd5+ {[%clk 0:18:37]} 25. Kd2 {[%clk 0:02:45]}  Bxd4 {[%clk 0:19:02]} 26. Ra3 {[%clk 0:03:04]}  Bc5 {[%clk 0:19:20]} 27. Rb3 {[%clk 0:03:04]}  Bb4+ {[%clk 0:18:22]} 28. Kc1 {[%clk 0:01:49]}  b5 {[%clk 0:08:59]} 29. Nb6 {[%clk 0:01:22]}  Nxb6 {[%clk 0:09:03]} 30. Rxb4 {[%clk 0:01:29]}  Nxa4 {[%clk 0:08:57]} 31. Be4 {[%clk 0:01:11]}  Bxe4 {[%clk 0:06:24]} 32. fxe4 {[%clk 0:01:39]}  Nc3 {[%clk 0:06:45]} 33. Rd2 {[%clk 0:01:16]}  e5 {[%clk 0:06:58]} 34. Rb3 {[%clk 0:00:45]}  Rc8 {[%clk 0:05:52]} 35. Kb2 {[%clk 0:00:47]}  Nxe4 {[%clk 0:06:11]} 36. Re2 {[%clk 0:01:02]}  Nd6 {[%clk 0:04:45]} 37. Rd3 {[%clk 0:01:00]}  Nc4+ {[%clk 0:03:52]} 38. Kb3 {[%clk 0:01:28]}  Rc7 {[%clk 0:02:52]} 39. Rd8+ {[%clk 0:01:07]}  Kh7 {[%clk 0:03:21]} 40. Ra8 {[%clk 0:01:35]}  Rc6 {[%clk 0:02:31]} 41. Kb4 {[%clk 0:01:25]}  f5 {[%clk 0:18:55]} 42. Ra2 {[%clk 0:23:30]}  f4 {[%clk 0:16:13]} 43. gxf4 {[%clk 0:21:14]}  exf4 {[%clk 0:16:40]} 44. R2xa6 {[%clk 0:20:45]}  Rxa6 {[%clk 0:16:15]} 45. Rxa6 {[%clk 0:21:12]}  f3 {[%clk 0:16:38]} 46. Ra2 {[%clk 0:16:37]}  Kg6 {[%clk 0:15:30]} 47. Kxb5 {[%clk 0:14:14]}  Ne5 {[%clk 0:15:48]} 48. Ra1 {[%clk 0:10:47]}  Kf5 {[%clk 0:13:54]} 49. Kc5 {[%clk 0:11:05]}  Ng4 {[%clk 0:13:33]} 50. h3 {[%clk 0:09:55]}  Ne3 {[%clk 0:13:12]} 51. Ra8 {[%clk 0:09:30]}  Kf4 {[%clk 0:12:29]} 52. Ra4+ {[%clk 0:07:56]}  Kg3 {[%clk 0:12:21]} 53. Ra3 {[%clk 0:07:59]}  f2 {[%clk 0:11:04]} 54. Rxe3+ {[%clk 0:08:17]}  Kg2 {[%clk 0:11:30]} 55. Re2 {[%clk 0:08:32]}  Kg1 {[%clk 0:11:54]} 56. Rxf2 {[%clk 0:08:56]}  Kxf2 {[%clk 0:12:21]} 0-1

[Event "45th FIDE Chess Olympiad Open"]
[Site "Budapest, Hungary"]
[Date "2024.09.20"]
[Round "9"]
[White "Kadric, Denis"]
[Black "Henderson de La Fuente, Lance"]
[Result "1/2-1/2"]
[Board "85"]
[WhiteFideId "14403803"]
[BlackFideId "32096585"]
[WhiteTitle "GM"]
[BlackTitle "GM"]
[WhiteElo "2553"]
[BlackElo "2519"]
[WhiteTeam "Montenegro"]
[BlackTeam "Andorra"]
[WhiteClock "0:02:22"]
[BlackClock "0:15:12"]
[Variant "Standard"]

1. e4 {[%clk 1:30:58]}  c5 {[%clk 1:30:31]} 2. Nf3 {[%clk 1:30:28]}  Nc6 {[%clk 1:30:33]} 3. Nc3 {[%clk 1:28:20]}  e5 {[%clk 1:28:37]} 4. Bc4 {[%clk 1:28:43]}  Be7 {[%clk 1:28:51]} 5. d3 {[%clk 1:29:06]}  Nf6 {[%clk 1:28:46]} 6. h3 {[%clk 1:29:14]}  O-O {[%clk 1:26:01]} 7. Nh2 {[%clk 1:29:35]}  d6 {[%clk 1:25:28]} 8. Ng4 {[%clk 1:30:02]}  Nd7 {[%clk 1:25:02]} 9. a4 {[%clk 1:20:35]}  Nb6 {[%clk 1:22:36]} 10. Ne3 {[%clk 1:11:44]}  Nxc4 {[%clk 1:11:13]} 11. dxc4 {[%clk 1:12:10]}  Bg5 {[%clk 1:05:54]} 12. Ncd5 {[%clk 1:12:34]}  Bxe3 {[%clk 1:03:41]} 13. Nxe3 {[%clk 1:10:58]}  Ne7 {[%clk 0:59:49]} 14. g4 {[%clk 1:06:42]}  Kh8 {[%clk 0:54:11]} 15. Ra3 {[%clk 1:04:26]}  Qa5+ {[%clk 0:46:19]} 16. Bd2 {[%clk 0:52:47]}  Qc7 {[%clk 0:46:24]} 17. f3 {[%clk 0:50:49]}  Bd7 {[%clk 0:42:56]} 18. h4 {[%clk 0:50:13]}  f6 {[%clk 0:42:24]} 19. h5 {[%clk 0:48:08]}  h6 {[%clk 0:42:18]} 20. Nf5 {[%clk 0:45:03]}  Be6 {[%clk 0:34:44]} 21. b3 {[%clk 0:41:40]}  a5 {[%clk 0:32:18]} 22. Be3 {[%clk 0:41:53]}  Rad8 {[%clk 0:30:19]} 23. Kf2 {[%clk 0:41:36]}  b6 {[%clk 0:30:15]} 24. Qd2 {[%clk 0:42:02]}  Nxf5 {[%clk 0:27:27]} 25. gxf5 {[%clk 0:42:28]}  Bg8 {[%clk 0:27:44]} 26. Raa1 {[%clk 0:42:04]}  Bh7 {[%clk 0:27:06]} 27. Rhg1 {[%clk 0:41:47]}  Rf7 {[%clk 0:23:34]} 28. Rg6 {[%clk 0:32:26]}  Qb7 {[%clk 0:22:49]} 29. Rag1 {[%clk 0:32:20]}  Qe7 {[%clk 0:18:49]} 30. R1g4 {[%clk 0:32:09]}  Qb7 {[%clk 0:18:46]} 31. Qc1 {[%clk 0:15:21]}  Qe7 {[%clk 0:18:35]} 32. Kg3 {[%clk 0:06:40]}  Qc7 {[%clk 0:18:04]} 33. Kh4 {[%clk 0:07:07]}  Qe7 {[%clk 0:18:14]} 34. Rg1 {[%clk 0:07:33]}  Qb7 {[%clk 0:18:05]} 35. R6g2 {[%clk 0:07:15]}  Qe7 {[%clk 0:17:35]} 36. Rd2 {[%clk 0:07:27]}  Qf8 {[%clk 0:16:43]} 37. Rd5 {[%clk 0:06:58]}  Rfd7 {[%clk 0:16:40]} 38. Qd2 {[%clk 0:07:12]}  Bg8 {[%clk 0:16:35]} 39. Rd3 {[%clk 0:07:38]}  Bh7 {[%clk 0:15:55]} 40. Rd1 {[%clk 0:06:23]}  Qe7 {[%clk 0:16:14]} 41. Qe2 {[%clk 0:04:35]}  Qe8 {[%clk 0:15:48]} 42. R1d2 {[%clk 0:02:22]}  Bg8 {[%clk 0:15:12]} 1/2-1/2

[Event "45th FIDE Chess Olympiad Open"]
[Site "Budapest, Hungary"]
[Date "2024.09.20"]
[Round "9"]
[White "De La Riva Aguado, Oscar"]
[Black "Petrov, Nikita"]
[Result "0-1"]
[Board "86"]
[WhiteFideId "6900224"]
[BlackFideId "4101286"]
[WhiteTitle "GM"]
[BlackTitle "GM"]
[WhiteElo "2431"]
[BlackElo "2574"]
[WhiteTeam "Andorra"]
[BlackTeam "Montenegro"]
[WhiteClock "0:07:12"]
[BlackClock "0:04:44"]
[Variant "Standard"]

1. e4 {[%clk 1:30:57]}  c5 {[%clk 1:30:44]} 2. Nf3 {[%clk 1:31:15]}  Nc6 {[%clk 1:31:00]} 3. Bb5 {[%clk 1:31:09]}  e6 {[%clk 1:30:56]} 4. Bxc6 {[%clk 1:29:28]}  bxc6 {[%clk 1:31:20]} 5. d3 {[%clk 1:29:50]}  Qc7 {[%clk 1:29:18]} 6. O-O {[%clk 1:24:29]}  e5 {[%clk 1:27:21]} 7. c3 {[%clk 1:15:04]}  Ne7 {[%clk 1:26:04]} 8. d4 {[%clk 1:13:39]}  d6 {[%clk 1:26:26]} 9. Be3 {[%clk 1:08:19]}  Ng6 {[%clk 1:25:42]} 10. Nbd2 {[%clk 1:08:41]}  Be7 {[%clk 1:19:09]} 11. Qa4 {[%clk 1:03:44]}  O-O {[%clk 1:16:14]} 12. dxe5 {[%clk 0:56:13]}  dxe5 {[%clk 1:16:04]} 13. Rfe1 {[%clk 0:51:42]}  Be6 {[%clk 1:11:47]} 14. Ng5 {[%clk 0:32:51]}  Bd7 {[%clk 1:10:15]} 15. Nb3 {[%clk 0:33:03]}  Nf4 {[%clk 1:03:31]} 16. Bxf4 {[%clk 0:31:51]}  exf4 {[%clk 1:03:56]} 17. Nf3 {[%clk 0:32:18]}  Be6 {[%clk 0:54:23]} 18. e5 {[%clk 0:30:35]}  g5 {[%clk 0:54:43]} 19. Nfd2 {[%clk 0:30:06]}  Rfd8 {[%clk 0:48:49]} 20. Ne4 {[%clk 0:25:11]}  Rd5 {[%clk 0:47:58]} 21. Nf6+ {[%clk 0:25:31]}  Bxf6 {[%clk 0:47:17]} 22. exf6 {[%clk 0:25:55]}  Rad8 {[%clk 0:36:49]} 23. Na5 {[%clk 0:19:24]}  R8d6 {[%clk 0:35:26]} 24. Nc4 {[%clk 0:19:07]}  Rd7 {[%clk 0:35:26]} 25. Na5 {[%clk 0:18:39]}  Qd8 {[%clk 0:29:36]} 26. c4 {[%clk 0:14:07]}  Rf5 {[%clk 0:15:24]} 27. Qxc6 {[%clk 0:14:13]}  Qxf6 {[%clk 0:11:24]} 28. Nb3 {[%clk 0:14:33]}  Qe7 {[%clk 0:11:06]} 29. h3 {[%clk 0:14:57]}  Kg7 {[%clk 0:08:40]} 30. Rac1 {[%clk 0:13:53]}  h5 {[%clk 0:08:37]} 31. Qf3 {[%clk 0:12:59]}  Qf6 {[%clk 0:07:26]} 32. Re2 {[%clk 0:11:48]}  g4 {[%clk 0:07:00]} 33. hxg4 {[%clk 0:12:00]}  hxg4 {[%clk 0:07:26]} 34. Qe4 {[%clk 0:07:21]}  Rh5 {[%clk 0:05:32]} 35. Ree1 {[%clk 0:07:13]}  Qh6 {[%clk 0:05:01]} 36. Kf1 {[%clk 0:07:12]}  Bf5 {[%clk 0:04:44]} 0-1

[Event "45th FIDE Chess Olympiad Open"]
[Site "Budapest, Hungary"]
[Date "2024.09.20"]
[Round "9"]
[White "Djukic, Nikola"]
[Black "Ribera Veganzones, Serni"]
[Result "1-0"]
[Board "87"]
[WhiteFideId "922412"]
[BlackFideId "6900860"]
[WhiteTitle "GM"]
[BlackTitle "FM"]
[WhiteElo "2515"]
[BlackElo "2309"]
[WhiteTeam "Montenegro"]
[BlackTeam "Andorra"]
[WhiteClock "0:01:14"]
[BlackClock "0:00:31"]
[Variant "Standard"]

1. e4 {[%clk 1:30:57]}  c5 {[%clk 1:30:50]} 2. Nf3 {[%clk 1:31:19]}  d6 {[%clk 1:31:12]} 3. d4 {[%clk 1:31:38]}  cxd4 {[%clk 1:31:33]} 4. Nxd4 {[%clk 1:32:03]}  Nf6 {[%clk 1:31:53]} 5. Nc3 {[%clk 1:32:28]}  a6 {[%clk 1:32:15]} 6. Be3 {[%clk 1:31:14]}  e5 {[%clk 1:32:30]} 7. Nb3 {[%clk 1:31:39]}  Be6 {[%clk 1:32:41]} 8. f3 {[%clk 1:31:55]}  Be7 {[%clk 1:32:33]} 9. Qd2 {[%clk 1:32:18]}  h5 {[%clk 1:32:37]} 10. Be2 {[%clk 1:24:26]}  Nbd7 {[%clk 1:30:30]} 11. Nd5 {[%clk 1:18:17]}  Nxd5 {[%clk 1:25:20]} 12. exd5 {[%clk 1:18:40]}  Bf5 {[%clk 1:25:44]} 13. O-O {[%clk 1:19:05]}  a5 {[%clk 1:13:41]} 14. a4 {[%clk 1:18:48]}  O-O {[%clk 1:10:49]} 15. Bb5 {[%clk 1:06:50]}  Nf6 {[%clk 1:02:07]} 16. Rad1 {[%clk 1:07:00]}  b6 {[%clk 0:53:43]} 17. c3 {[%clk 0:56:57]}  Rb8 {[%clk 0:44:57]} 18. Qe1 {[%clk 0:47:39]}  Bc2 {[%clk 0:44:11]} 19. Na1 {[%clk 0:43:11]}  Bxd1 {[%clk 0:44:14]} 20. Qxd1 {[%clk 0:43:36]}  h4 {[%clk 0:39:45]} 21. Nc2 {[%clk 0:41:29]}  Nh5 {[%clk 0:38:56]} 22. Na3 {[%clk 0:41:38]}  Bg5 {[%clk 0:37:45]} 23. Bf2 {[%clk 0:42:01]}  f5 {[%clk 0:33:03]} 24. Nc4 {[%clk 0:39:50]}  Rf6 {[%clk 0:32:27]} 25. Qc2 {[%clk 0:35:56]}  Nf4 {[%clk 0:28:03]} 26. Rd1 {[%clk 0:35:36]}  Rf7 {[%clk 0:21:11]} 27. Bc6 {[%clk 0:27:00]}  Bh6 {[%clk 0:15:38]} 28. Kh1 {[%clk 0:22:36]}  Qg5 {[%clk 0:09:51]} 29. Bxb6 {[%clk 0:19:42]}  Rxb6 {[%clk 0:05:54]} 30. Nxb6 {[%clk 0:20:04]}  Rf6 {[%clk 0:05:57]} 31. Be8 {[%clk 0:13:41]}  h3 {[%clk 0:04:16]} 32. g3 {[%clk 0:12:56]}  Ng2 {[%clk 0:04:43]} 33. Qe2 {[%clk 0:10:19]}  Rf8 {[%clk 0:03:02]} 34. Bd7 {[%clk 0:09:56]}  Ne3 {[%clk 0:02:00]} 35. Rg1 {[%clk 0:05:29]}  Kh8 {[%clk 0:01:34]} 36. b4 {[%clk 0:04:22]}  Qd8 {[%clk 0:00:37]} 37. bxa5 {[%clk 0:04:40]}  Qc7 {[%clk 0:00:47]} 38. Bc6 {[%clk 0:04:10]}  f4 {[%clk 0:01:05]} 39. g4 {[%clk 0:03:23]}  Bg5 {[%clk 0:00:34]} 40. Qd3 {[%clk 0:03:14]}  Rf6 {[%clk 0:00:31]} 41. Nd7 {[%clk 0:01:14]} 1-0

[Event "45th FIDE Chess Olympiad Open"]
[Site "Budapest, Hungary"]
[Date "2024.09.20"]
[Round "9"]
[White "Ribera Veganzones, Josep Maria"]
[Black "Tomic, Aleksandar"]
[Result "0-1"]
[Board "88"]
[WhiteFideId "6900763"]
[BlackFideId "16501799"]
[WhiteTitle "CM"]
[BlackTitle "IM"]
[WhiteElo "2167"]
[BlackElo "2311"]
[WhiteTeam "Andorra"]
[BlackTeam "Montenegro"]
[WhiteClock "0:04:00"]
[BlackClock "0:02:39"]
[Variant "Standard"]

1. e4 {[%clk 1:30:53]}  c5 {[%clk 1:30:48]} 2. Nf3 {[%clk 1:30:56]}  Nc6 {[%clk 1:31:04]} 3. d4 {[%clk 1:31:03]}  cxd4 {[%clk 1:31:25]} 4. Nxd4 {[%clk 1:31:17]}  e5 {[%clk 1:31:28]} 5. Nb5 {[%clk 1:30:52]}  d6 {[%clk 1:31:45]} 6. c4 {[%clk 1:29:30]}  a6 {[%clk 1:31:44]} 7. N5a3 {[%clk 1:28:53]}  f5 {[%clk 1:31:31]} 8. Nc3 {[%clk 1:22:03]}  Nf6 {[%clk 1:31:52]} 9. Bd3 {[%clk 1:19:19]}  f4 {[%clk 1:31:47]} 10. Nc2 {[%clk 1:12:07]}  Be7 {[%clk 1:31:30]} 11. O-O {[%clk 1:09:41]}  O-O {[%clk 1:30:01]} 12. f3 {[%clk 1:04:33]}  Qe8 {[%clk 1:12:58]} 13. Nd5 {[%clk 1:01:53]}  Bd8 {[%clk 1:12:51]} 14. b4 {[%clk 0:51:48]}  a5 {[%clk 1:02:46]} 15. b5 {[%clk 0:46:23]}  Nxd5 {[%clk 0:49:23]} 16. bxc6 {[%clk 0:42:42]}  Bb6+ {[%clk 0:42:40]} 17. Kh1 {[%clk 0:41:32]}  Nc3 {[%clk 0:41:14]} 18. Qe1 {[%clk 0:40:10]}  Na4 {[%clk 0:39:39]} 19. cxb7 {[%clk 0:40:04]}  Bxb7 {[%clk 0:39:54]} 20. Rb1 {[%clk 0:39:54]}  Bc6 {[%clk 0:37:17]} 21. Ba3 {[%clk 0:38:46]}  Rf6 {[%clk 0:33:37]} 22. c5 {[%clk 0:31:10]}  Bxc5 {[%clk 0:32:57]} 23. Bc4+ {[%clk 0:31:25]}  Kh8 {[%clk 0:32:36]} 24. Bxc5 {[%clk 0:31:15]}  Nxc5 {[%clk 0:31:59]} 25. Qd2 {[%clk 0:30:27]}  Rc8 {[%clk 0:25:21]} 26. Qxa5 {[%clk 0:26:44]}  Nxe4 {[%clk 0:17:34]} 27. fxe4 {[%clk 0:21:03]}  Bxe4 {[%clk 0:17:26]} 28. Na3 {[%clk 0:16:14]}  Qh5 {[%clk 0:14:59]} 29. Kg1 {[%clk 0:08:35]}  Rh6 {[%clk 0:13:50]} 30. h3 {[%clk 0:08:24]}  Bxg2 {[%clk 0:13:42]} 31. Qc7 {[%clk 0:05:46]}  Bxh3 {[%clk 0:13:23]} 32. Rb8 {[%clk 0:04:50]}  Qg4+ {[%clk 0:06:04]} 33. Kf2 {[%clk 0:05:15]}  Qg3+ {[%clk 0:06:15]} 34. Ke2 {[%clk 0:05:38]}  Bxf1+ {[%clk 0:06:26]} 35. Kd1 {[%clk 0:05:41]}  Qf3+ {[%clk 0:04:37]} 36. Kc1 {[%clk 0:05:19]}  Qxa3+ {[%clk 0:04:39]} 37. Kd1 {[%clk 0:04:37]}  Qf3+ {[%clk 0:03:10]} 38. Kc1 {[%clk 0:04:26]}  Qe3+ {[%clk 0:03:09]} 39. Kd1 {[%clk 0:04:04]}  Be2+ {[%clk 0:03:13]} 40. Kc2 {[%clk 0:04:18]}  Bd3+ {[%clk 0:02:35]} 41. Kb3 {[%clk 0:03:49]}  Bxc4+ {[%clk 0:02:24]} 42. Kxc4 {[%clk 0:04:00]}  Qc1+ {[%clk 0:02:39]} 0-1